Der Herbst des grossen Kommunikators : amerikanisches Journal /

Bibliographic Details
Main Author: Buch, Hans Christoph, 1944-
Format: Book
Language:German
Published: Frankfurt a.M. : Suhrkamp, 1986.
Edition:1. Aufl.
Series:Edition Suhrkamp ; 1344, n.F., Bd. 344
Subjects:

MARC

Tag First Indicator Second Indicator Subfields
LEADER 00000cam a2200000 a 4500
001 in00000019082
005 20151007054145.0
008 880325s1986 gw 00010 ger d
020 |a 3518113445 
035 |a (OCoLC)17681931 
035 |9 AAB4166AM 
040 |a COD  |c COD  |d TXA  |d UtOrBLW 
043 |a n-us--- 
049 |a TXAM  |c [A12592620] 
050 4 |a E27.5  |b .B83 1986 
100 1 |a Buch, Hans Christoph,  |d 1944- 
245 1 4 |a Der Herbst des grossen Kommunikators :  |b amerikanisches Journal /  |c Hans Christoph Buch. 
250 |a 1. Aufl. 
264 1 |a Frankfurt a.M. :  |b Suhrkamp,  |c 1986. 
300 |a 207 pages ;  |c 18 cm. 
336 |a text  |b txt  |2 rdacontent 
337 |a unmediated  |b n  |2 rdamedia 
338 |a volume  |b nc  |2 rdacarrier 
490 0 |a Edition Suhrkamp ;  |v 1344, n.F., Bd. 344 
651 0 |a United States  |v Aerial views. 
651 0 |a New York (N.Y.)  |x Description and travel. 
651 0 |a United States  |x Social conditions  |y 1980- 
651 0 |a United States  |v Pictorial works. 
999 |a MARS 
999 f f |s 32520486-3d01-3615-8609-5fc65ab5b2ad  |i 1c0ed142-bd34-3d5e-bcaa-485f189bf19a  |t 0 
952 f f |p ric  |a Texas A&M University  |b Rellis Campus  |c Joint Library Facility  |d Remote Storage  |t 0  |e E27.5 .B83 1986  |h Library of Congress classification  |i unmediated -- volume  |m A14812592620 
998 f f |a E27.5 .B83 1986  |t 0  |l Remote Storage